[Event "Int. Stuttgarter Stadtmeisterschaft A"]
[Site "Ditzingen"]
[Date "2018.05.13"]
[Round "7.15"]
[White "Schroeter, Samuel"]
[Black "Lehmann, Stefan"]
[Result "1/2-1/2"]
[WhiteElo "2125"]
[BlackElo "1922"]
[PlyCount "52"]
[EventDate "2018.??.??"]
[WhiteTeam "SC Böblingen"]
[BlackTeam "Ssg Fils-Lauter"]

1. c4 e5 2. Nc3 Nc6 3. g3 f5 4. Bg2 Nf6 5. d3 Bb4 6. Nf3 Bxc3+ 7. bxc3 d6 8.
Rb1 O-O 9. O-O Qe8 10. c5 e4 11. dxe4 fxe4 12. Ng5 d5 13. c4 d4 14. Qc2 Bf5 15.
Rxb7 Qc8 16. Rb2 Re8 17. Qa4 Qd7 18. f3 e3 19. f4 Ne4 20. Rd1 h6 21. Nxe4 Bxe4
22. Bxe4 Rxe4 23. Rb3 Qe6 24. Rf1 Rd8 25. Rd3 Rb8 26. Rb3 Rd8 1/2-1/2

[Event "Int. Stuttgarter Stadtmeisterschaft A"]
[Site "Ditzingen"]
[Date "2018.05.13"]
[Round "7.16"]
[White "Günther, Patrick"]
[Black "Scheynin, Julia"]
[Result "1/2-1/2"]
[WhiteElo "2072"]
[BlackElo "1986"]
[PlyCount "20"]
[EventDate "2018.??.??"]
[WhiteTeam "Elmshorner SC"]
[BlackTeam "Karlsruher SF"]

1. Nf3 d5 2. c4 e6 3. g3 Nf6 4. Bg2 Be7 5. O-O O-O 6. d4 c6 7. b3 b6 8. Nc3 Bb7
9. Ne5 Nbd7 10. Bf4 Rc8 1/2-1/2

[Event "Int. Stuttgarter Stadtmeisterschaft A"]
[Site "Ditzingen"]
[Date "2018.05.13"]
[Round "7.17"]
[White "Rohde, Patrick"]
[Black "Narr, Kevin"]
[Result "0-1"]
[WhiteElo "1953"]
[BlackElo "2089"]
[PlyCount "36"]
[EventDate "2018.??.??"]
[WhiteTeam "Elmshorner SC"]

1. e4 e6 2. d3 d5 3. Nd2 Nf6 4. g3 Be7 5. Bg2 O-O 6. Ngf3 c5 7. O-O Nc6 8. Re1
Qc7 9. c3 a5 10. Nf1 a4 11. e5 Nd7 12. Bf4 b5 13. h4 Ba6 14. g4 b4 15. Rb1 a3
16. cxb4 Nxb4 17. Bg5 Bxg5 18. hxg5 Bxd3 0-1

[Event "Int. Stuttgarter Stadtmeisterschaft A"]
[Site "Ditzingen"]
[Date "2018.05.13"]
[Round "7.18"]
[White "Wettengel, Alexander"]
[Black "Zitzelsberger, Philipp"]
[Result "1/2-1/2"]
[WhiteElo "2040"]
[BlackElo "1912"]
[PlyCount "80"]
[EventDate "2018.??.??"]
[WhiteTeam "Stuttgarter SF"]
[BlackTeam "SC Weiße Dame Ulm e.V."]

1. e4 c5 2. Nf3 d6 3. d4 cxd4 4. Nxd4 Nf6 5. Nc3 a6 6. Bg5 Nbd7 7. a4 Qa5 8.
Qd2 e6 9. Be2 Be7 10. O-O O-O 11. Nd5 Qd8 12. Nxe7+ Qxe7 13. f3 Qe8 14. c4 d5
15. cxd5 exd5 16. exd5 Nxd5 17. Rfe1 Qe5 18. Bc4 Qd6 19. Nb3 Qb6+ 20. Kh1 N7f6
21. Bxf6 Nxf6 22. a5 Qc7 23. Qb4 Bd7 24. Rac1 Bc6 25. Nd4 Rab8 26. Qc5 Qf4 27.
Rcd1 Nd7 28. Qf5 Qxf5 29. Nxf5 Nc5 30. Kg1 g6 31. Ne7+ Kg7 32. b4 Ba4 33. Rd6
Nd7 34. Ra1 Rfe8 35. Nd5 Bc6 36. Nc7 Rec8 37. Nd5 Re8 38. Nb6 Nxb6 39. axb6
Rbd8 40. Rad1 Re1+ 1/2-1/2

[Event "Int. Stuttgarter Stadtmeisterschaft A"]
[Site "Ditzingen"]
[Date "2018.05.13"]
[Round "7.19"]
[White "Gustain, Marc"]
[Black "Verbitsky, Jaroslaw"]
[Result "1/2-1/2"]
[WhiteElo "2152"]
[BlackElo "1765"]
[PlyCount "87"]
[EventDate "2018.??.??"]
[WhiteTeam "SF Deizisau"]
[BlackTeam "SV Mattnetz Berlin"]

1. e4 c6 2. d4 d5 3. f3 e6 4. Nc3 Bb4 5. Qd3 b6 6. Qe3 Ne7 7. Bd2 O-O 8. O-O-O
c5 9. exd5 cxd4 10. Qxd4 Bc5 11. Qh4 Nxd5 12. Qxd8 Rxd8 13. Nxd5 exd5 14. Ne2
Nc6 15. Nf4 Bb7 16. Nd3 Bd6 17. Bf4 Rac8 18. Bxd6 Rxd6 19. Kb1 Nd4 20. Ne1 Re6
21. Bd3 Rce8 22. c3 Ne2 23. Nc2 Bc6 24. Rhe1 Ba4 25. Bxe2 Bxc2+ 26. Kxc2 Rxe2+
27. Rxe2 Rxe2+ 28. Rd2 Rxd2+ 29. Kxd2 Kf8 30. Kd3 Ke7 31. Kd4 Kd6 32. f4 g6 33.
g4 h6 34. h4 f6 35. b3 Kc6 36. a4 Kd6 37. b4 a6 38. Ke3 Ke6 39. Kd4 Kd6 40. Ke3
Ke6 41. Kd3 Kd7 42. c4 dxc4+ 43. Kxc4 Kc6 44. Kd4 1/2-1/2

[Event "Int. Stuttgarter Stadtmeisterschaft A"]
[Site "Ditzingen"]
[Date "2018.05.13"]
[Round "7.20"]
[White "Faulhaber, Rolf"]
[Black "Schmitz, Nico"]
[Result "0-1"]
[WhiteElo "2065"]
[BlackElo "1969"]
[PlyCount "108"]
[EventDate "2018.??.??"]
[WhiteTeam "SK Tauberbischofsheim"]
[BlackTeam "SF Konz-Karthaus"]

1. Nf3 g6 2. c4 Bg7 3. d4 c5 4. e4 d6 5. Be2 cxd4 6. Nxd4 Qb6 7. Nb3 Nc6 8. O-O
Nd4 9. Be3 Nxe2+ 10. Qxe2 Qc7 11. Nd4 a6 12. Nc3 Nf6 13. f3 O-O 14. Rfc1 Bd7
15. b3 Rac8 16. Rab1 Bc6 17. Qf2 Nd7 18. Nde2 Ne5 19. Bb6 Qd7 20. Rd1 f5 21.
exf5 Qxf5 22. Nd4 Qh5 23. Nxc6 bxc6 24. Ne4 c5 25. Ng3 Qh6 26. Qe2 Nc6 27. b4
Bd4+ 28. Kh1 Be5 29. Nf1 Nxb4 30. Ba5 Nc6 31. Bd2 Qh5 32. Qe4 Qf5 33. Qe1 Nd4
34. Ng3 Qc2 35. Rdc1 Qxa2 36. Ra1 Qb3 37. Rab1 Qa4 38. f4 Bf6 39. Ne4 Rce8 40.
Nc3 Qxc4 41. Nb5 Qe2 42. Nc7 Qxe1+ 43. Rxe1 Rb8 44. Nxa6 Rxb1 45. Rxb1 Ne6 46.
g3 Ra8 47. Rb6 Bd4 48. Kg2 c4 49. Rc6 c3 50. Bc1 Nc5 51. Nb4 Ra1 52. Rc8+ Kf7
53. Nc6 Rxc1 54. Nxd4 Rd1 0-1

[Event "Int. Stuttgarter Stadtmeisterschaft A"]
[Site "Ditzingen"]
[Date "2018.05.13"]
[Round "7.21"]
[White "Fischer, Daniel"]
[Black "Cummings, Orlyn"]
[Result "1-0"]
[WhiteElo "2004"]
[BlackElo "1883"]
[PlyCount "51"]
[EventDate "2018.??.??"]
[WhiteTeam "SVG Offenburg"]
[BlackTeam "SK Schmiden/Cannstatt"]

1. Nf3 d6 2. c4 f5 3. g3 Nf6 4. Bg2 g6 5. Nc3 Bg7 6. O-O O-O 7. d3 e5 8. Rb1 a5
9. a3 h6 10. b4 axb4 11. axb4 g5 12. Bb2 Qe8 13. Nd2 Qh5 14. e3 g4 15. f4 gxf3
16. Qxf3 Qg5 17. Qe2 Ng4 18. Nd5 Ra2 19. Nf3 Qd8 20. Nh4 c6 21. h3 cxd5 22.
Bxd5+ Kh7 23. hxg4 fxg4 24. Qg2 Rf6 25. Qe4+ Kh8 26. Ng6+ 1-0

[Event "Int. Stuttgarter Stadtmeisterschaft A"]
[Site "Ditzingen"]
[Date "2018.05.13"]
[Round "7.22"]
[White "Shourya Jain"]
[Black "Huels, Marco"]
[Result "1/2-1/2"]
[WhiteElo "1931"]
[BlackElo "2010"]
[PlyCount "97"]
[EventDate "2018.??.??"]
[BlackTeam "SV Mattnetz Berlin"]

1. e4 e6 2. d4 d5 3. Nd2 Nf6 4. e5 Nfd7 5. f4 c5 6. c3 Nc6 7. Ndf3 cxd4 8. cxd4
Bb4+ 9. Kf2 Be7 10. a3 f5 11. b4 a6 12. Bd3 b5 13. Ne2 Nb6 14. Rg1 h5 15. h3 h4
16. Be3 Bb7 17. g4 hxg3+ 18. Rxg3 Bh4 19. Nxh4 Qxh4 20. Ng1 O-O-O 21. Nf3 Qe7
22. Ng5 Kb8 23. Qb3 Rh6 24. Qc3 Na4 25. Qd2 Nb6 26. Rc1 Qd7 27. Rc5 Na4 28. Rc1
Nb6 29. Rgg1 Nc4 30. Qc3 Rc8 31. Bxc4 dxc4 32. d5 Nd8 33. d6 Bd5 34. Bb6 Nf7
35. Qe3 Rc6 36. Bc7+ Kb7 37. Rcd1 Nxg5 38. fxg5 Rh4 39. Rd4 Rxd4 40. Qxd4 g6
41. Rg3 Qh7 42. h4 Qg7 43. Ba5 Qh7 44. Ke2 Qg7 45. Kd2 Rxd6 46. Qc5 Qxe5 47.
Qc7+ Ka8 48. Qc8+ Ka7 49. Qc5+ 1/2-1/2

[Event "Int. Stuttgarter Stadtmeisterschaft A"]
[Site "Ditzingen"]
[Date "2018.05.13"]
[Round "7.23"]
[White "Steinhart, Christoph"]
[Black "Huels, Maximilian"]
[Result "1-0"]
[WhiteElo "1985"]
[BlackElo "1824"]
[PlyCount "75"]
[EventDate "2018.??.??"]
[WhiteTeam "TSV Schönaich"]
[BlackTeam "SV Mattnetz Berlin"]

1. e4 e6 2. d4 d5 3. Nd2 Nf6 4. e5 Nfd7 5. Bd3 c5 6. c3 Nc6 7. Ne2 cxd4 8. cxd4
f6 9. exf6 Nxf6 10. O-O Bd6 11. Nf3 Qc7 12. h3 O-O 13. Be3 Bd7 14. Rc1 Be8 15.
Ng5 Bf7 16. f4 Rae8 17. a3 a6 18. Qc2 h6 19. Nxf7 Qxf7 20. Bg6 Qd7 21. Bxe8
Rxe8 22. Nc3 Na5 23. Rce1 Nc4 24. Bc1 Qc7 25. Qd3 b5 26. Re2 Kf7 27. Kh1 Re7
28. Qf3 Qa7 29. Qd3 Qc7 30. Qd1 Ke8 31. g4 Nxa3 32. g5 Nh5 33. Qd3 Kd8 34. bxa3
Bxf4 35. Nxd5 exd5 36. Rxe7 Kxe7 37. Qe2+ Kd7 38. Qg4+ 1-0

[Event "Int. Stuttgarter Stadtmeisterschaft A"]
[Site "Ditzingen"]
[Date "2018.05.13"]
[Round "7.25"]
[White "Meier, Desiderius"]
[Black "Lahouel, Kim-Luca"]
[Result "0-1"]
[WhiteElo "2013"]
[BlackElo "1736"]
[PlyCount "64"]
[EventDate "2018.??.??"]
[WhiteTeam "SK Gräfelfing"]
[BlackTeam "Heilbronner SV"]

1. e4 e5 2. Nc3 Nf6 3. g3 Bc5 4. Bg2 O-O 5. d3 c6 6. Nf3 Re8 7. O-O d6 8. Na4
Bb4 9. a3 Ba5 10. b4 Bc7 11. c4 Bg4 12. Qb3 h6 13. Nh4 Be6 14. b5 Nbd7 15. Nf5
Nb6 16. Ne3 h5 17. f4 cxb5 18. Nxb6 Bxb6 19. Kh1 h4 20. Qxb5 hxg3 21. hxg3 Nh5
22. Rf3 Nxg3+ 23. Kg1 exf4 24. Rxg3 fxg3 25. Qh5 Qf6 26. Ra2 Qc3 27. Qd1 Bg4
28. Qf1 Re6 29. Bd2 Qe5 30. Bh3 Rf6 31. Bxg4 Rxf1+ 32. Kxf1 Qf4+ 0-1

[Event "Int. Stuttgarter Stadtmeisterschaft A"]
[Site "Ditzingen"]
[Date "2018.05.13"]
[Round "7.26"]
[White "Schiegg, Peter"]
[Black "Reck, Moritz"]
[Result "0-1"]
[WhiteElo "1975"]
[BlackElo "2134"]
[PlyCount "82"]
[EventDate "2018.??.??"]
[WhiteTeam "SF Bad Grönenbach"]
[BlackTeam "TSV Schönaich"]

1. Nf3 g6 2. g3 Bg7 3. Bg2 d6 4. d3 Nc6 5. c4 e5 6. Nc3 Be6 7. Rb1 h6 8. Nd5
Qd7 9. b4 Nd8 10. b5 c6 11. bxc6 bxc6 12. Ne3 f5 13. Qa4 Nf6 14. Ba3 O-O 15.
O-O g5 16. c5 e4 17. Nd4 d5 18. f4 exf3 19. Rxf3 Nh5 20. Ndxf5 Bxf5 21. g4 Bxd3
22. Rxf8+ Kxf8 23. exd3 Nf4 24. Rf1 Kg8 25. Rxf4 gxf4 26. Nxd5 Rb8 27. Bf3 Rb1+
28. Kg2 Ra1 29. Nxf4 Qf7 30. Ne2 Qxa2 31. Qxa7 Qxa3 32. Qd7 Nf7 33. Bxc6 Qxc5
34. Bd5 Qf8 35. Nf4 Ra6 36. Ne6 Qd6 37. Qe8+ Bf8 38. Nc7 Qxc7 39. Qb5 Rf6 40.
Qb2 Qf4 41. Bxf7+ Rxf7 0-1

[Event "Int. Stuttgarter Stadtmeisterschaft A"]
[Site "Ditzingen"]
[Date "2018.05.13"]
[Round "7.27"]
[White "Hesse, Henrik"]
[Black "Afonso, Nils"]
[Result "1-0"]
[WhiteElo "2109"]
[BlackElo "1911"]
[PlyCount "37"]
[EventDate "2018.??.??"]
[WhiteTeam "SV Mattnetz Berlin"]
[BlackTeam "SF Kornwestheim"]

1. c4 Nf6 2. g3 g6 3. Bg2 Bg7 4. Nc3 c5 5. e3 Nc6 6. Nge2 d6 7. a3 O-O 8. O-O
a5 9. b3 Bf5 10. d3 Qd7 11. Bb2 Rad8 12. Na4 Qc7 13. Rc1 Ne5 14. e4 Bd7 15.
Nac3 Nc6 16. d4 cxd4 17. Nxd4 Nxd4 18. Qxd4 Ng4 19. Qxg7+ 1-0

[Event "Int. Stuttgarter Stadtmeisterschaft A"]
[Site "Ditzingen"]
[Date "2018.05.13"]
[Round "7.28"]
[White "Metzdorf, Matteo"]
[Black "Schulte, Torsten"]
[Result "1/2-1/2"]
[WhiteElo "1849"]
[BlackElo "2094"]
[PlyCount "53"]
[EventDate "2018.??.??"]
[WhiteTeam "SG Trier"]
[BlackTeam "SC Böblingen"]

1. e4 c5 2. Nc3 Nc6 3. g3 g6 4. Bg2 Bg7 5. d3 e6 6. Be3 d6 7. Qd2 Nd4 8. f4 Ne7
9. Nd1 O-O 10. Nf3 Rb8 11. O-O b5 12. c3 Nxf3+ 13. Bxf3 Qc7 14. d4 cxd4 15.
cxd4 a6 16. Rc1 Qd7 17. Nc3 Bb7 18. d5 exd5 19. Nxd5 Nxd5 20. exd5 Rbc8 21. Bd4
Rxc1 22. Rxc1 Rc8 23. Bxg7 Rxc1+ 24. Qxc1 Kxg7 25. Qc3+ Kg8 26. Qf6 Qc7 27. Qd4
1/2-1/2

[Event "Int. Stuttgarter Stadtmeisterschaft A"]
[Site "Ditzingen"]
[Date "2018.05.13"]
[Round "7.30"]
[White "Scholtes, Benedikt"]
[Black "Kistler, Michael"]
[Result "1-0"]
[WhiteElo "2028"]
[BlackElo "1848"]
[PlyCount "109"]
[EventDate "2018.??.??"]
[WhiteTeam "SG Trier"]
[BlackTeam "VfL Sindelfingen"]

1. c4 Nf6 2. g3 g6 3. Bg2 Bg7 4. Nc3 d6 5. e4 O-O 6. Nge2 c5 7. O-O Nc6 8. h3
Ne8 9. Kh2 Nc7 10. d3 Ne6 11. f4 Ned4 12. a3 Rb8 13. Rb1 a5 14. g4 e6 15. Ng3
b5 16. cxb5 Nxb5 17. Bd2 Nbd4 18. Be1 Bd7 19. Nge2 Nxe2 20. Qxe2 Nd4 21. Qd2
Qc7 22. Ne2 a4 23. Nxd4 Bxd4 24. Bf2 Bg7 25. Rfc1 f5 26. e5 fxg4 27. exd6 Qxd6
28. Bxc5 Qxf4+ 29. Qxf4 Rxf4 30. Bd6 Rbf8 31. Bxf8 Bxf8 32. Rc4 Rf2 33. Kg3 Rd2
34. Rd4 Bb5 35. hxg4 Rxd3+ 36. Rxd3 Bxd3 37. Rd1 Bc2 38. Rd2 Bb3 39. Be4 Kf7
40. Bc2 Bxc2 41. Rxc2 Kf6 42. Rc6 Bh6 43. Rc4 e5 44. Rxa4 Be3 45. Rc4 Bd4 46.
b4 Ke6 47. a4 Kd5 48. Rc8 e4 49. a5 Be5+ 50. Kf2 Bd4+ 51. Ke2 Ke5 52. b5 Kf4
53. b6 Kxg4 54. b7 Ba7 55. Ra8 1-0

[Event "Int. Stuttgarter Stadtmeisterschaft A"]
[Site "Ditzingen"]
[Date "2018.05.13"]
[Round "7.31"]
[White "Peters, Theresa"]
[Black "Schuster, Gerhard"]
[Result "1-0"]
[WhiteElo "1815"]
[BlackElo "1982"]
[PlyCount "107"]
[EventDate "2018.??.??"]
[WhiteTeam "SG KK Hohentübingen"]
[BlackTeam "SC Feuerbach"]

1. e4 e5 2. Nf3 Nc6 3. Bb5 Nf6 4. O-O Nxe4 5. Re1 Nd6 6. Nxe5 Be7 7. Nxc6 dxc6
8. Bf1 O-O 9. d4 Bf5 10. Bf4 Qd7 11. Nd2 Rad8 12. c3 Bg6 13. Nf3 f6 14. Nh4 Bf7
15. Qf3 Rfe8 16. Bd3 Bf8 17. Qg3 Rxe1+ 18. Rxe1 Re8 19. Rxe8 Qxe8 20. Be3 Bxa2
21. Nf3 Qe6 22. Qh4 g6 23. Qf4 Ne8 24. h4 Bd6 25. Qh6 Ng7 26. Bf4 Nf5 27. Bxf5
Qxf5 28. Bxd6 cxd6 29. Nd2 Qg4 30. Qe3 Qe6 31. Qxe6+ Bxe6 32. Ne4 Kf7 33. Nxd6+
Ke7 34. Nxb7 Kd7 35. Nc5+ Kd6 36. Nxe6 Kxe6 37. c4 Kf5 38. f3 g5 39. hxg5 fxg5
40. Kf2 h5 41. Ke3 a5 42. b3 h4 43. Ke2 Ke6 44. Kd3 Kf5 45. Ke3 g4 46. fxg4+
Kxg4 47. d5 cxd5 48. cxd5 Kg3 49. d6 Kxg2 50. d7 h3 51. d8=Q h2 52. Qd2+ Kg1
53. Qf2+ Kh1 54. Qf1# 1-0

[Event "Int. Stuttgarter Stadtmeisterschaft A"]
[Site "Ditzingen"]
[Date "2018.05.13"]
[Round "7.32"]
[White "Viehoff, Jürgen"]
[Black "Koch, Martin"]
[Result "0-1"]
[WhiteElo "1897"]
[BlackElo "2056"]
[PlyCount "96"]
[EventDate "2018.??.??"]
[WhiteTeam "SC Stetten a.d.F."]
[BlackTeam "SC Botnang"]

1. d4 d5 2. Nf3 Nf6 3. e3 Bf5 4. c4 e6 5. Nc3 c6 6. Qb3 Qb6 7. Qxb6 axb6 8. Bd2
h6 9. cxd5 exd5 10. Be2 Bd6 11. O-O O-O 12. Rfd1 Nbd7 13. Be1 b5 14. a3 Rfe8
15. h3 Nb6 16. Nd2 Ra7 17. Rac1 Nc4 18. Nxc4 bxc4 19. Bd2 Ne4 20. Nxe4 Bxe4 21.
f3 Bg6 22. Kf2 b5 23. Re1 Rb8 24. e4 b4 25. axb4 Bxb4 26. Bc3 Bxc3 27. bxc3 Rb2
28. Kg3 Raa2 29. Bf1 f6 30. Ra1 Kh7 31. Rxa2 Rxa2 32. Re3 Rc2 33. h4 Kg8 34.
Be2 Kf7 35. Kf4 Kf8 36. e5 fxe5+ 37. Kxe5 Bd3 38. Bd1 Rxc3 39. Ba4 Ra3 40. Bc2
Ke7 41. Kf4+ Kd6 42. Kg3 c5 43. dxc5+ Kxc5 44. Bxd3 Rxd3 45. Rxd3 cxd3 46. Kf2
Kd4 47. Ke1 Ke3 48. h5 d4 0-1

[Event "Int. Stuttgarter Stadtmeisterschaft A"]
[Site "Ditzingen"]
[Date "2018.05.13"]
[Round "7.33"]
[White "Jaster, Dirk"]
[Black "Gheng, Dominik"]
[Result "0-1"]
[WhiteElo "1849"]
[BlackElo "1939"]
[PlyCount "74"]
[EventDate "2018.??.??"]
[WhiteTeam "SC Feuerbach"]
[BlackTeam "Schach-Kids Bernhausen"]

1. d4 d5 2. Nf3 Nf6 3. g3 e6 4. Bg2 Be7 5. O-O O-O 6. Nbd2 b6 7. Re1 Bb7 8. c3
Nbd7 9. e4 Nxe4 10. Nxe4 dxe4 11. Nd2 f5 12. f3 e5 13. fxe4 exd4 14. cxd4 Nf6
15. d5 Bc5+ 16. Kh1 Ng4 17. Rf1 Ne3 18. Qe2 Nxf1 19. Nxf1 fxe4 20. Bf4 Qxd5 21.
Ne3 Bxe3 22. Bxe3 Rad8 23. b3 Qd3 24. Qe1 Ba6 25. Bf4 Rfe8 26. Rc1 c5 27. Be3
Qe2 28. Qg1 Bb7 29. Bf1 Qxa2 30. Bc4+ Bd5 31. Ra1 Qb2 32. Rb1 Qf6 33. Rf1 Qe6
34. Bb5 Rf8 35. Rd1 Bxb3 36. Rc1 c4 37. Bf4 Qd5 0-1

[Event "Int. Stuttgarter Stadtmeisterschaft A"]
[Site "Ditzingen"]
[Date "2018.05.13"]
[Round "7.34"]
[White "Bueble, Joschua"]
[Black "Froehlich, Franziska"]
[Result "0-1"]
[WhiteElo "1736"]
[BlackElo "1807"]
[PlyCount "58"]
[EventDate "2018.??.??"]
[WhiteTeam "SV Stockenhausen-Frommern"]
[BlackTeam "SC Weiße Dame Ulm"]

1. e4 e6 2. d4 d5 3. e5 c5 4. c3 Nc6 5. Nf3 Qb6 6. a3 Nh6 7. b4 cxd4 8. cxd4
Nf5 9. Bb2 Be7 10. h4 Bd7 11. g4 Nh6 12. Nc3 Nxg4 13. Rg1 h5 14. Bh3 f5 15.
exf6 gxf6 16. Na4 Qc7 17. Nc5 O-O-O 18. Rc1 Kb8 19. Bxg4 hxg4 20. Rxg4 Qd6 21.
Rg7 Rdg8 22. Rxg8+ Rxg8 23. Qe2 Bf8 24. Rc3 Bh6 25. Bc1 Nxd4 26. Qd3 Nxf3+ 27.
Qxf3 Rg1+ 28. Ke2 Bb5+ 29. Nd3 Qe5+ 0-1

[Event "Int. Stuttgarter Stadtmeisterschaft A"]
[Site "Ditzingen"]
[Date "2018.05.13"]
[Round "7.35"]
[White "Kobald, Jacqueline"]
[Black "Meißner, Mogens"]
[Result "1/2-1/2"]
[WhiteElo "1692"]
[BlackElo "1797"]
[PlyCount "51"]
[EventDate "2018.??.??"]
[WhiteTeam "SV Stuttgart-Wolfbusch"]
[BlackTeam "SK Bietigheim-Bissingen"]

1. e4 e5 2. Nf3 Nc6 3. Bb5 a6 4. Ba4 Be7 5. O-O b5 6. Bb3 Nf6 7. Re1 d6 8. c3
Na5 9. Bc2 c5 10. h3 Qc7 11. d3 O-O 12. Nbd2 Nc6 13. Nf1 d5 14. a4 dxe4 15.
dxe4 Be6 16. Ne3 Rfd8 17. Qe2 Rab8 18. axb5 axb5 19. Bd2 h6 20. Ra6 Rb6 21.
Rxb6 Qxb6 22. c4 bxc4 23. Nxc4 Qc7 24. Bc3 Nd7 25. Ra1 f6 26. Ra6 1/2-1/2

[Event "Int. Stuttgarter Stadtmeisterschaft A"]
[Site "Ditzingen"]
[Date "2018.05.13"]
[Round "7.36"]
[White "Handel, Oliver"]
[Black "Hoeschele, Hans-Ulrich"]
[Result "0-1"]
[WhiteElo "1836"]
[BlackElo "1994"]
[PlyCount "109"]
[EventDate "2018.??.??"]
[WhiteTeam "SF Kornwestheim"]
[BlackTeam "Stuttgarter SF"]

1. e4 e5 2. Nf3 d6 3. d4 exd4 4. Nxd4 Nf6 5. Nc3 Nc6 6. Bc4 Nxd4 7. Qxd4 Be7 8.
O-O c6 9. Bf4 O-O 10. Rad1 Ne8 11. Qe3 b5 12. Bb3 Qb6 13. Qg3 a5 14. a4 b4 15.
Ne2 Qc5 16. Nd4 Bf6 17. Be3 Qh5 18. Bf4 Bd7 19. Bc4 Kh8 20. Qe3 Qc5 21. b3 d5
22. exd5 cxd5 23. Bb5 Bxd4 24. Qxd4 Qxd4 25. Rxd4 Be6 26. Bd3 Nf6 27. Bd6 Rfc8
28. f4 Ne8 29. f5 Nxd6 30. fxe6 fxe6 31. Rf2 Rf8 32. Rdf4 Rxf4 33. Rxf4 Kg8 34.
Rh4 g6 35. Rf4 Kg7 36. Rf2 Rc8 37. Kf1 e5 38. Ke1 Rc3 39. Kd1 e4 40. Bf1 Nf5
41. Ba6 h5 42. g3 Kf6 43. Bb7 Ke5 44. Rd2 Nd4 45. Ba6 Nf5 46. Bb7 d4 47. Re2
Ne3+ 48. Kc1 Rc7 49. Ba6 Rf7 50. Kb2 Nd1+ 51. Kc1 Nc3 52. Rg2 Rf3 53. Kd2 Nd5
54. Bb5 Rc3 55. Kd1 0-1

[Event "Int. Stuttgarter Stadtmeisterschaft A"]
[Site "Ditzingen"]
[Date "2018.05.13"]
[Round "7.37"]
[White "Schmidt, Markus"]
[Black "Partik, Markus"]
[Result "0-1"]
[WhiteElo "1825"]
[BlackElo "1958"]
[PlyCount "86"]
[EventDate "2018.??.??"]
[WhiteTeam "Stuttgarter SF"]
[BlackTeam "TSV Münchingen"]

1. d4 Nf6 2. Nf3 g6 3. c4 c5 4. d5 e6 5. Nc3 exd5 6. cxd5 d6 7. Bg5 Bg7 8. e3
a6 9. a4 Bg4 10. Be2 Nbd7 11. h3 Bxf3 12. Bxf3 Qb6 13. Qc2 h6 14. Bf4 O-O 15.
O-O Rfe8 16. Rfe1 Ne5 17. Be2 Qc7 18. Bg3 Rab8 19. Ra3 c4 20. a5 b5 21. axb6
Qxb6 22. Na4 Qb4 23. Rd1 Rec8 24. f4 Ned7 25. e4 c3 26. Nxc3 Qxb2 27. Qxb2 Rxb2
28. Bf3 Nh5 29. Bxh5 Rxc3 30. Rxc3 Bxc3 31. Bf3 a5 32. Be1 Bxe1 33. Rxe1 a4 34.
Ra1 Rb4 35. Kf2 Nc5 36. e5 dxe5 37. fxe5 Nd3+ 38. Ke3 Nxe5 39. Bd1 a3 40. Ke2
Rb2+ 41. Kf1 a2 42. d6 Rb1 43. Rxa2 Rxd1+ 0-1

[Event "Int. Stuttgarter Stadtmeisterschaft A"]
[Site "Ditzingen"]
[Date "2018.05.13"]
[Round "7.38"]
[White "Altimira, Jordi"]
[Black "Ruff, Robert"]
[Result "1-0"]
[WhiteElo "1820"]
[BlackElo "1806"]
[PlyCount "51"]
[EventDate "2018.??.??"]
[WhiteTeam "SV Rottweil"]
[BlackTeam "SK Sachsenheim"]

1. e4 e6 2. d4 d5 3. Nc3 Bb4 4. e5 Ne7 5. a3 Bxc3+ 6. bxc3 c5 7. Qg4 Nf5 8. Bd3
h5 9. Qh3 Nc6 10. Bxf5 exf5 11. Qg3 Rg8 12. Ne2 g5 13. h4 Be6 14. Bxg5 Qa5 15.
O-O Kd7 16. Rfb1 b6 17. Qf3 c4 18. Nf4 Kc7 19. a4 Qa6 20. Nxd5+ Kb8 21. Nf6 Rd8
22. Qxc6 Qa5 23. Nxh5 Bd5 24. Qb5 Qxc3 25. Bxd8 Be4 26. Qd7 1-0

[Event "Int. Stuttgarter Stadtmeisterschaft A"]
[Site "Ditzingen"]
[Date "2018.05.13"]
[Round "7.40"]
[White "Giebler, Kai"]
[Black "Recker, Martin"]
[Result "1/2-1/2"]
[WhiteElo "1788"]
[BlackElo "1879"]
[PlyCount "38"]
[EventDate "2018.??.??"]
[WhiteTeam "TSF Ditzingen"]
[BlackTeam "SF Freiberg"]

1. e4 d5 2. exd5 Nf6 3. d4 Bg4 4. f3 Bf5 5. Bb5+ Nbd7 6. Nc3 a6 7. Ba4 b5 8.
Bb3 Nb6 9. Nge2 Nbxd5 10. Nxd5 Nxd5 11. Ng3 Bg6 12. Ne4 e6 13. O-O Be7 14. c4
Nf6 15. Nxf6+ Bxf6 16. Be3 O-O 17. Qd2 c6 18. Rac1 Re8 19. Rfd1 Qe7 1/2-1/2